| 000 | 00000nam 2200000zi 4500 |
| 001 | 9.947496 |
| 003 | CaOODSP |
| 005 | 20250131153949 |
| 006 | m o d f |
| 007 | cr bn||||||||| |
| 008 | 250129e197303 oncad o f000 0 eng d |
| 040 | |aCaOODSP|beng|erda|cCaOODSP |
| 043 | |an-cn--- |
| 086 | 1 |aDR52-19/7-1973E-PDF |
| 100 | 1 |aHartlin, E. M., |eauthor. |
| 245 | 10|aDCIEM/DCGE arctic equipment evaluation program / |cE.M. Hartlin, G.W. Gray. |
| 264 | 1|aDownsview, Ontario : |bDefence Research Board, Department of National Defence, Canada, |cMarch 1973. |
| 300 | |a1 online resource (iii, 36 pages) : |billustrations, graphs. |
| 336 | |atext|btxt|2rdacontent |
| 337 | |acomputer|bc|2rdamedia |
| 338 | |aonline resource|bcr|2rdacarrier |
| 490 | 1 |aDCIEM report ; |vno. 928 |
| 500 | |aDigitized edition from print [produced by Defence R&D Canada]. |
| 650 | 0|aHousing|zArctic regions. |
| 650 | 6|aLogement|zArctique. |
| 710 | 2 |aDefence and Civil Institute of Environmental Medicine (Canada), |eissuing body. |
| 710 | 1 |aCanada. |bDefence Research Board, |eissuing body. |
| 710 | 1 |aCanada. |bDepartment of National Defence, |eissuing body. |
| 830 | #0|aDCIEM report ;|vno. 928.|w(CaOODSP)9.941842 |
| 856 | 40|qPDF|s3.91 MB|uhttps://publications.gc.ca/collections/collection_2025/rddc-drdc/DR52-19-7-1973-eng.pdf |